[Event "ROM-ch U12"]
[Site "Baile Felix"]
[Date "2017.02.04"]
[Round "3"]
[White "Oltean, Cristian Daniel"]
[Black "Lucaciu, Ruben Nathan"]
[Result "1-0"]
[WhiteElo "1235"]
[BlackElo "1001"]
[PlyCount "89"]
[EventDate "2017.02.02"]
[EventType "swiss"]
[EventRounds "9"]
[EventCountry "ROU"]
[SourceTitle "CBM 176 Extra"]
[Source "ChessBase"]
[SourceDate "2017.03.02"]
[SourceVersion "1"]
[SourceVersionDate "2017.03.02"]
[SourceQuality "1"]

1. e4 e5 2. Nf3 Nc6 3. Bc4 Nf6 4. d3 d5 5. exd5 Nxd5 6. Bxd5 Qxd5 7. Nc3 Qd8 8. Qe2 Bg4 9. h3 Bh5 10. 0-0 Nd4 11. Qxe5+ Be7 12. Qxd4 Qxd4 13. Nxd4 0-0-0 14. Re1 Bb4 15. Ndb5 a6 16. a3 Bxc3 17. Nxc3 Rde8 18. Bf4 Re6 19. Re3 Rhe8 20. Rae1 R8e7 21. Nd5 Re8 22. Nxc7 Rxe3 23. Rxe3 Rxe3 24. fxe3 g5 25. Bh2 f5 26. Nd5 g4 27. Ne7+ Kd8 28. Nxf5 gxh3 29. gxh3 Bd1 30. c3 Bc2 31. Nd6 Bxd3 32. Nxb7+ Kc8 33. Nc5 Bf5 34. Nxa6 Bxh3 35. b4 Bd7 36. Nc5 Bc6 37. c4 Be4 38. Nxe4 Kb7 39. b5 Kb6 40. Bd6 Kb7 41. c5 Kc8 42. c6 h5 43. b6 h4 44. Bc7 h3 45. Nd6# 1-0